[Event "AUTO-ELITE-17"]
[Site "http://www.queenalice.com/game.php?id=58403"]
[Date "2006.3.20"]
[Round "2"]
[White "ENDHER"]
[Black "Asterix"]
[Result "1-0"]
[WhiteElo "2009"]
[BlackElo "2048"]

1. d4 d5 2. c4 dxc4 3. e3 Nf6 4. Bxc4 e6 5. Nc3 Bb4 6. Nf3 O-O 7. O-O a6 8. Ne5
b5 9. Qf3 Ra7 10. Bd3 Bb7 11. Qg3 Nbd7 12. Rd1 c5 13. Nxd7 Nxd7 14. a3 Bxc3 15.
bxc3 c4 16. Bc2 Nf6 17. f3 Bc6 18. e4 Qa5 19. Bb2 Rd8 20. e5 Nd5 21. Qh4 h6 22.
Re1 Nxc3 23. Bxc3 Qxc3 24. Qxd8+ 1-0

[Event "AUTO-ELITE-17"]
[Site "http://www.queenalice.com/game.php?id=58404"]
[Date "2006.3.20"]
[Round "2"]
[White "Asterix"]
[Black "ENDHER"]
[Result "0-1"]
[WhiteElo "2046"]
[BlackElo "2110"]

1. e4 e5 2. Nf3 Nc6 3. Bb5 a6 4. Bxc6 bxc6 5. O-O d6 6. h3 Nf6 7. d3 Be7 8. c4
O-O 9. Nc3 Rb8 10. b3 c5 11. Be3 c6 12. Qc2 Ne8 13. Rfb1 f5 14. a3 a5 15. Bd2
Qc7 16. Qd1 Rb7 17. Qe2 Qb8 18. Qd1 Nf6 19. Qc2 Be6 20. Ng5 Bd7 21. Ne2 Qc7 22.
exf5 Bxf5 23. Ng3 h6 24. Nxf5 hxg5 25. Bxg5 Nd5 26. cxd5 Bxg5 27. Qc4 Qf7 28.
Nxd6 Qxf2+ 29. Kh1 Rc7 30. Ne4 Qe3 31. Re1 Qf4 32. dxc6+ Kh7 33. Qxc5 Be7 34.
Qb6 Rfc8 35. Qxa5 Rxc6 36. Qd5 Qf5 37. d4 Qg6 38. Qxe5 Rc2 39. g3 Bf6 40. Nxf6+
gxf6 41. Qe7+ Kh6 42. Re4 Rc1+ 43. Rxc1 Rxc1+ 0-1

[Event "AUTO-ELITE-17"]
[Site "http://www.queenalice.com/game.php?id=58407"]
[Date "2006.3.20"]
[Round "2"]
[White "Asterix"]
[Black "Montalbano"]
[Result "0-1"]
[WhiteElo "1962"]
[BlackElo "2403"]

1. e4 c5 2. Nf3 d6 3. Nc3 Nf6 4. Bc4 e6 5. Bb5+ Bd7 6. Bxd7+ Nbxd7 7. O-O Be7 8.
d3 O-O 9. Be3 Qb6 10. b3 Ng4 11. Qd2 Nxe3 12. Qxe3 Bf6 13. Na4 Qa5 14. d4 cxd4
15. Nxd4 Rac8 16. Rfd1 Ne5 17. Qe2 Nc6 18. c3 a6 19. Qe3 b5 20. Nb2 Bxd4 21.
cxd4 Nb4 0-1

[Event "AUTO-ELITE-17"]
[Site "http://www.queenalice.com/game.php?id=58408"]
[Date "2006.3.20"]
[Round "2"]
[White "Montalbano"]
[Black "Asterix"]
[Result "1-0"]
[WhiteElo "2392"]
[BlackElo "1964"]

1. e4 e5 2. Nf3 Nc6 3. Bb5 Nge7 4. O-O a6 5. Ba4 b5 6. Bb3 g6 7. d4 Bg7 8. dxe5
Nxe5 9. Nxe5 Bxe5 10. Nc3 Nc6 11. Be3 O-O 12. f4 Bxc3 13. bxc3 Na5 14. f5 Nxb3
15. axb3 d6 16. fxg6 hxg6 17. Bh6 Qe7 18. Qd5 c6 19. Bxf8 Qa7+ 20. Qd4 Kxf8 21.
b4 Ke7 22. Rf2 Qxd4 23. cxd4 c5 24. Raf1 1-0

[Event "AUTO-MASTER-55"]
[Site "http://www.queenalice.com/game.php?id=64568"]
[Date "2006.4.20"]
[Round "2"]
[White "Catalin"]
[Black "Asterix"]
[Result "0-1"]
[WhiteElo "1877"]
[BlackElo "2035"]

1. e4 e5 2. Nf3 Nc6 3. d4 exd4 4. Nxd4 Nxd4 5. Qxd4 Ne7 6. Bd3 Nc6 7. Qe3 b6 8.
O-O Bc5 9. Qg3 O-O 10. Bf4 d6 11. Nc3 Bd4 12. Rad1 Be6 13. Ne2 Bxb2 14. c3 Qe7
15. Rd2 Ba3 16. Nd4 Ne5 17. Bxe5 dxe5 18. Qxe5 Bd6 19. Qb5 Bf4 20. Rb2 Bd7 21.
Qd5 Rad8 22. Rfb1 c5 23. Ne2 Be6 24. Qh5 Bxh2+ 25. Kxh2 Rxd3 26. Rh1 f5 27. Ng3
Bf7 28. Qe2 Qh4+ 29. Kg1 Qd8 30. Nxf5 Re8 31. Rc2 Bg6 32. g4 Bxf5 33. gxf5 Rd1+
0-1

[Event "AUTO-MASTER-55"]
[Site "http://www.queenalice.com/game.php?id=64569"]
[Date "2006.4.20"]
[Round "2"]
[White "Asterix"]
[Black "Catalin"]
[Result "0-1"]
[WhiteElo "1996"]
[BlackElo "1888"]

1. d4 d5 2. e3 Nf6 3. c4 c6 4. c5 Bf5 5. Bd3 Qd7 6. Bxf5 Qxf5 7. Qb3 Ne4 8. Nf3
Qc8 9. Nbd2 Nxd2 10. Bxd2 e6 11. O-O Be7 12. Rfe1 O-O 13. e4 Nd7 14. exd5 cxd5
15. Bf4 b6 16. c6 Qxc6 17. Rac1 Qb7 18. Rc7 Qa6 19. Rxd7 Bf6 20. Be5 Rad8 21.
Bxf6 Rxd7 22. Ne5 Qa5 23. Rc1 Rc7 24. Rf1 gxf6 25. Qg3+ Kh8 26. Ng4 Rfc8 27. Qh4
Qxa2 28. Qxf6+ Kg8 29. Qh6 f5 30. Qxe6+ Kh8 31. Nh6 f4 32. Qf6+ Rg7 33. Nf5 Rg8
34. Nxg7 Rxg7 35. Rc1 Qa6 36. Qd8+ Rg8 37. Qxd5 Qe2 38. h3 f3 39. g4 Re8 40. Qf7
Ra8 0-1

[Event "AUTO-MASTER-55"]
[Site "http://www.queenalice.com/game.php?id=64572"]
[Date "2006.4.20"]
[Round "2"]
[White "Asterix"]
[Black "alexsoncini"]
[Result "0-1"]
[WhiteElo "2050"]
[BlackElo "1953"]

1. d4 d5 2. Nf3 Nf6 3. e3 e6 4. Bd3 c5 5. c4 Nc6 6. Nc3 Be7 7. O-O O-O 8. dxc5
Bxc5 9. cxd5 exd5 10. Qb3 a5 11. Rd1 Nb4 12. a3 Nxd3 13. Rxd3 Qb6 14. Qxb6 Bxb6
15. Nxd5 Nxd5 16. Rxd5 Be6 17. Rb5 Rad8 18. Bd2 Rd6 19. Bxa5 Bxa5 20. Rxa5 Rb6
21. b4 Ra6 22. Rxa6 bxa6 23. Nd4 Bd5 24. Rc1 g6 25. Rc5 Be4 26. f3 Bd3 27. Kf2
Rb8 28. e4 Kf8 29. g4 h6 30. h4 Rb6 31. Rc7 Rf6 32. Ke3 Bf1 33. Rc1 Bb5 34. Rc8+
Ke7 35. Nxb5 axb5 0-1

[Event "AUTO-MASTER-55"]
[Site "http://www.queenalice.com/game.php?id=64573"]
[Date "2006.4.20"]
[Round "2"]
[White "alexsoncini"]
[Black "Asterix"]
[Result "1-0"]
[WhiteElo "1931"]
[BlackElo "2072"]

1. d4 d5 2. c4 dxc4 3. Nf3 Nf6 4. e3 e6 5. Bxc4 Be7 6. Nc3 O-O 7. O-O a6 8. Ne5
b5 9. Be2 Bb7 10. Bf3 Qc8 11. Bd2 Nbd7 12. Nxd7 Nxd7 13. Rc1 c5 14. Bxb7 Qxb7
15. dxc5 Nxc5 16. Qf3 Qxf3 17. gxf3 Nd3 18. Rb1 Rfd8 19. f4 Nxf4 20. exf4 Rxd2
21. Rfd1 Rad8 22. Rxd2 Rxd2 23. Kg2 Bh4 24. Nd1 Bf6 25. Kf3 h5 26. Ke3 Rc2 27.
Kd3 Rc4 28. Ke3 Kf8 29. b3 Rc2 30. a4 g6 31. Kd3 Rc5 32. axb5 axb5 33. Ne3 1-0

[Event "AUTO-OPEN-153"]
[Site "http://www.queenalice.com/game.php?id=65885"]
[Date "2006.4.28"]
[Round "2"]
[White "Asterix"]
[Black "Lucascg"]
[Result "0-1"]
[WhiteElo "1960"]
[BlackElo "1947"]

1. d4 d5 2. b3 Nf6 3. e3 Bf5 4. Bd3 Bxd3 5. cxd3 e6 6. Nf3 Nbd7 7. O-O Bd6 8.
Re1 e5 9. e4 dxe4 10. dxe4 O-O 11. Bg5 h6 12. Bh4 Qe7 13. Nc3 c6 14. Qd3 Rfd8
15. d5 g5 16. Bg3 Nh5 17. dxc6 bxc6 18. Ne2 Nf4 19. Qc4 Rac8 20. Red1 Nb6 21.
Qa6 Nxe2+ 22. Qxe2 f6 23. Ne1 Bc5 24. Rac1 Bd4 25. Nc2 c5 26. Nxd4 cxd4 0-1

[Event "AUTO-OPEN-153"]
[Site "http://www.queenalice.com/game.php?id=65886"]
[Date "2006.4.28"]
[Round "2"]
[White "Lucascg"]
[Black "Asterix"]
[Result "1-0"]
[WhiteElo "1964"]
[BlackElo "1943"]

1. d4 d5 2. Nf3 Nc6 3. Bf4 Bg4 4. Nbd2 e6 5. e3 Bd6 6. Bxd6 Qxd6 7. h3 Bxf3 8.
Nxf3 Nf6 9. c3 O-O 10. Bd3 e5 11. dxe5 Nxe5 12. Nxe5 Qxe5 13. O-O c5 14. Qf3 c4
15. Qf5 Rfe8 16. Qxe5 Rxe5 17. Bc2 Rc8 18. Rad1 Rc5 19. a4 b5 20. a5 Re8 21. Rd4
Rb8 22. e4 dxe4 23. Bxe4 Kf8 24. Rfd1 b4 25. Bf3 bxc3 26. bxc3 Rb3 27. Rd8+ Ke7
28. Ra8 Rxa5 29. Re1+ 1-0

[Event "AUTO-MASTER-56"]
[Site "http://www.queenalice.com/game.php?id=73600"]
[Date "2006.6.1"]
[Round "2"]
[White "salso"]
[Black "Asterix"]
[Result "1-0"]
[WhiteElo "1983"]
[BlackElo "2030"]

1. d4 d5 2. e3 e6 3. Bd3 Nf6 4. Nd2 Nc6 5. f4 Nb4 6. Be2 c5 7. c3 Nc6 8. Bd3 a6
9. Ngf3 Bd6 10. O-O O-O 11. Ne5 1-0

[Event "AUTO-MASTER-56"]
[Site "http://www.queenalice.com/game.php?id=73601"]
[Date "2006.6.1"]
[Round "2"]
[White "Asterix"]
[Black "salso"]
[Result "0-1"]
[WhiteElo "2012"]
[BlackElo "2001"]

1. d4 Nf6 2. c4 e6 3. e3 b6 4. Nf3 Bb7 5. Be2 Bb4+ 6. Bd2 Qe7 7. a3 Bxd2+ 8.
Nbxd2 d6 9. O-O Nbd7 10. h3 O-O 11. b4 Ne4 0-1

[Event "AUTO-MASTER-56"]
[Site "http://www.queenalice.com/game.php?id=73602"]
[Date "2006.6.1"]
[Round "2"]
[White "esepedazodefary"]
[Black "Asterix"]
[Result "1-0"]
[WhiteElo "2079"]
[BlackElo "1976"]

1. e4 e5 2. Nf3 Nc6 3. Bb5 Nge7 4. O-O a6 5. Ba4 b5 6. Bb3 g6 7. Ng5 d5 8. exd5
Nxd5 9. Nxf7 Kxf7 10. Qf3+ Ke6 11. Nc3 Ne7 12. Ne4 Kd7 13. Nf6+ Ke6 14. d4 Bg7
15. Bg5 Rf8 16. dxe5 c5 17. c4 bxc4 18. Bxc4 h6 19. Qe4 1-0

[Event "AUTO-MASTER-56"]
[Site "http://www.queenalice.com/game.php?id=73603"]
[Date "2006.6.1"]
[Round "2"]
[White "Asterix"]
[Black "esepedazodefary"]
[Result "1-0"]
[WhiteElo "2045"]
[BlackElo "2097"]

1. d4 Nf6 2. c4 e6 3. e3 b6 4. Nf3 Bb7 5. Be2 Bb4+ 6. Bd2 Qe7 7. a3 Bxd2+ 8.
Nbxd2 O-O 9. O-O d6 10. Rc1 Nbd7 11. Ng5 c5 12. Bf3 cxd4 13. Bxb7 1-0